| 000 | 00355nam a2200133Ia 4500 | ||
|---|---|---|---|
| 008 | 240624s9999 xx 000 0 und d | ||
| 041 | _aeng | ||
| 082 | _a153.69 CLA | ||
| 100 | _aCLAYTON PETER | ||
| 245 | _aBODY LANGUAGE AT WORK READ THE SIGNS AND | ||
| 260 |
_c2006 _aNew Delhi _bOm Books International |
||
| 300 | _a168 : p. : cm. ; 22 | ||
| 365 |
_cRS _b25 |
||
| 999 |
_c7725 _d7725 |
||